[Event "Karvina op"]
[Site "Karvina"]
[Date "2013.07.05"]
[Round "7"]
[White "Brazina, David"]
[Black "Bausano, Michael"]
[Result "0-1"]
[WhiteElo "1948"]
[BlackElo "1774"]
[PlyCount "104"]
[EventDate "2013.06.29"]
[EventType "swiss"]
[EventRounds "9"]
[EventCountry "CZE"]
[SourceTitle "CBM 155 Extra"]
[Source "ChessBase"]
[SourceDate "2013.08.26"]
[SourceVersion "1"]
[SourceVersionDate "2013.08.26"]
[SourceQuality "1"]

1. e4 e6 2. d3 d5 3. Nd2 Nf6 4. Ngf3 c5 5. g3 Nc6 6. Bg2 Qc7 7. 0-0 Be7 8. Re1 dxe4 9. Nxe4 h6 10. Bd2 0-0 11. Qc1 Nd5 12. a3 f5 13. Nc3 Bf6 14. Nxd5 exd5 15. Bf4 Qb6 16. c3 Bd7 17. Ne5 Nxe5 18. Bxe5 Bc6 19. Bxf6 Rxf6 20. b4 cxb4 21. Rb1 b3 22. Qd1 b2 23. Qd2 Qa6 24. Rxb2 Qxa3 25. c4 Qd6 26. cxd5 Bxd5 27. Bxd5+ Qxd5 28. Re7 b6 29. Qc3 Rf7 30. Re5 Qd7 31. d4 Rc8 32. Qe3 f4 33. gxf4 Qg4+ 34. Qg3 Qd1+ 35. Kg2 Qxd4 36. Rbe2 Qxf4 37. Re8+ Rxe8 38. Rxe8+ Kh7 39. Qd3+ Qf5 40. Qd4 Qg6+ 41. Kf1 Rxf2+ 42. Kxf2 Qxe8 43. Qd3+ Qg6 44. Qa6 Qf5+ 45. Ke2 Qb1 46. Kd2 b5 47. Qxa7 b4 48. Qc5 b3 49. Qc3 b2 50. h3 Qc1+ 51. Qxc1 bxc1Q+ 52. Kxc1 Kg6 0-1

[Event "Karvina op"]
[Site "Karvina"]
[Date "2013.07.03"]
[Round "5"]
[White "Ocko, Dominik"]
[Black "Bausano, Michael"]
[Result "1/2-1/2"]
[WhiteElo "1434"]
[BlackElo "1774"]
[PlyCount "51"]
[EventDate "2013.06.29"]
[EventType "swiss"]
[EventRounds "9"]
[EventCountry "CZE"]
[SourceTitle "CBM 155 Extra"]
[Source "ChessBase"]
[SourceDate "2013.08.26"]
[SourceVersion "1"]
[SourceVersionDate "2013.08.26"]
[SourceQuality "1"]

1. e4 e6 2. d4 d5 3. e5 c5 4. c3 Nc6 5. Nf3 cxd4 6. cxd4 f6 7. Nc3 fxe5 8. dxe5 Bb4 9. Bd2 Nge7 10. Bb5 Bd7 11. Bxc6 Nxc6 12. 0-0 0-0 13. Bg5 Qc7 14. Nb5 Qb6 15. Nc3 Rf5 16. Nxd5 exd5 17. Qxd5+ Rf7 18. e6 Bxe6 19. Qxe6 Nd4 20. Nxd4 Qxd4 21. Rad1 Qxb2 22. Rd7 Raf8 23. Rxb7 Qa3 24. Rb1 a5 25. Rxf7 Rxf7 26. Qb3 1/2-1/2

[Event "Karvina op"]
[Site "Karvina"]
[Date "2013.06.30"]
[Round "2"]
[White "Bausano, Michael"]
[Black "Taus, Martin"]
[Result "0-1"]
[WhiteElo "1774"]
[BlackElo "2134"]
[PlyCount "56"]
[EventDate "2013.06.29"]
[EventType "swiss"]
[EventRounds "9"]
[EventCountry "CZE"]
[SourceTitle "CBM 155 Extra"]
[Source "ChessBase"]
[SourceDate "2013.08.26"]
[SourceVersion "1"]
[SourceVersionDate "2013.08.26"]
[SourceQuality "1"]

1. Nf3 c5 2. g3 b6 3. Bg2 Bb7 4. 0-0 g6 5. c3 Bg7 6. d4 Nf6 7. Qb3 Bd5 8. c4 Bc6 9. d5 Bb7 10. d6 exd6 11. Rd1 0-0 12. Bf4 Nc6 13. Bxd6 Re8 14. e3 Ne4 15. Na3 Re6 16. Bf4 g5 17. Bh3 gxf4 18. Bxe6 fxe6 19. exf4 Nd4 20. Nxd4 Bxd4 21. Nb5 Bxf2+ 22. Kf1 d5 23. cxd5 Bxd5 24. Qc2 Bxg3 25. hxg3 Nxg3+ 26. Ke1 Qh4 27. Rxd5 exd5 28. Rd1 Re8+ 0-1

[Event "Orlova op 10th"]
[Site "Orlova"]
[Date "2013.05.14"]
[Round "2"]
[White "Chwastek, Otto"]
[Black "Bausano, Michael"]
[Result "1/2-1/2"]
[WhiteElo "1904"]
[BlackElo "1772"]
[PlyCount "37"]
[EventDate "2013.05.13"]
[EventType "swiss"]
[EventRounds "9"]
[EventCountry "CZE"]
[SourceTitle "CBM 154 Extra"]
[Source "ChessBase"]
[SourceDate "2013.06.25"]
[SourceVersion "2"]
[SourceVersionDate "2013.06.25"]
[SourceQuality "1"]

1. e4 e6 2. d4 d5 3. Nc3 Nf6 4. e5 Nfd7 5. Nf3 c5 6. Ne2 cxd4 7. Nexd4 Bc5 8. c3 Nc6 9. Nxc6 bxc6 10. Bd3 Qc7 11. Qe2 Rb8 12. 0-0 Qb6 13. Rb1 0-0 14. Bxh7+ Kxh7 15. Ng5+ Kg6 16. Qd3+ f5 17. exf6+ Kxf6 18. Nh7+ Kf7 19. Ng5+ 1/2-1/2

[Event "Karvina op"]
[Site "Karvina"]
[Date "2012.07.07"]
[Round "8"]
[White "Weissmann, Lukas"]
[Black "Bausano, Michael"]
[Result "1-0"]
[WhiteElo "2146"]
[BlackElo "1754"]
[PlyCount "46"]
[EventDate "2012.06.30"]
[EventType "swiss"]
[EventRounds "9"]
[EventCountry "CZE"]
[SourceTitle "EXT 2014"]
[Source "ChessBase"]
[SourceDate "2013.11.20"]
[SourceVersion "1"]
[SourceVersionDate "2013.11.20"]
[SourceQuality "1"]

1. c4 e5 2. Nc3 Nc6 3. e3 Nf6 4. a3 d5 5. cxd5 Nxd5 6. Nf3 Be6 7. d3 Be7 8. Be2 0-0 9. 0-0 Qd7 10. Qc2 Rad8 11. Bd2 f5 12. Rac1 Bf6 13. Na4 Qc8 14. Nc5 Bf7 15. h4 Nb8 16. e4 fxe4 17. dxe4 Nb6 18. Bg5 Nc6 19. Nxb7 Qxb7 20. Qxc6 Qxc6 21. Rxc6 Ra8 22. Rxf6 Bg6 23. Rxf8+ Rxf8 1-0

[Event "Karvina op"]
[Site "Karvina"]
[Date "2012.07.03"]
[Round "4"]
[White "Horvath, Tomas"]
[Black "Bausano, Michael"]
[Result "0-1"]
[WhiteElo "1468"]
[BlackElo "1754"]
[PlyCount "109"]
[EventDate "2012.06.30"]
[EventType "swiss"]
[EventRounds "9"]
[EventCountry "CZE"]
[SourceTitle "EXT 2014"]
[Source "ChessBase"]
[SourceDate "2013.11.20"]
[SourceVersion "1"]
[SourceVersionDate "2013.11.20"]
[SourceQuality "1"]

1. e4 e6 2. d4 d5 3. e5 c5 4. c3 Nc6 5. f4 Qb6 6. Nf3 Nh6 7. Na3 cxd4 8. cxd4 Bxa3 9. bxa3 Nf5 10. Be2 Nfxd4 11. Nxd4 Qxd4 12. Qxd4 Nxd4 13. Kf2 Nxe2 14. Kxe2 0-0 15. Be3 b6 16. Rac1 Ba6+ 17. Kf2 Rac8 18. g4 Rc4 19. Rhd1 Rfc8 20. Rxc4 Rxc4 21. Rc1 Kf8 22. Rxc4 Bxc4 23. a4 Bxa2 24. a5 bxa5 25. Bxa7 a4 26. Ke3 Ke8 27. Kd4 Kd7 28. h4 Bc4 29. Bc5 Be2 30. g5 Kc6 31. Bf8 Kd7 32. Bc5 Kc6 33. Bf8 Kb5 34. Ba3 Bh5 35. Bc5 Bg6 36. Ba3 h6 37. Bc5 h5 38. Ba3 Be4 39. Bc5 Bf5 40. Ba3 Bg6 41. Bc5 a3 42. Bxa3 Ka4 43. Bf8 Kb3 44. Bxg7 Kc2 45. Bf8 Kd2 46. Ba3 Ke2 47. Bc1 Kf3 48. Bd2 Kg4 49. Ke3 Kxh4 50. Kf3 Be4+ 51. Kf2 Kg4 52. Be3 h4 53. Kg1 Kf3 54. Bd2 h3 55. Kh2 0-1

[Event "Orlova op 9th"]
[Site "Orlova"]
[Date "2012.05.21"]
[Round "1.2"]
[White "Bausano, Michael"]
[Black "Andreev, Eduard"]
[Result "0-1"]
[WhiteElo "1742"]
[BlackElo "2499"]
[PlyCount "65"]
[EventDate "2012.05.21"]
[EventType "swiss"]
[EventRounds "7"]
[EventCountry "CZE"]
[SourceTitle "CBM 148 Extra"]
[Source "ChessBase"]
[SourceDate "2012.06.22"]
[SourceVersion "1"]
[SourceVersionDate "2012.06.22"]
[SourceQuality "1"]

1. e4 c5 2. Nc3 Nc6 3. f4 g6 4. b3 Bg7 5. Bb2 e6 6. Nf3 Nge7 7. Na4 Nd4 8. e5 d6 9. Nxd4 cxd4 10. Bxd4 Nc6 11. Bb5 dxe5 12. Bxe5 Bxe5 13. fxe5 Qh4+ 14. Kf1 Bd7 15. Qf3 0-0 16. Qf2 Qe7 17. Qc5 Qg5 18. Qe3 Qf5+ 19. Ke1 Nb4 20. Bd3 Nxc2+ 21. Bxc2 Qxc2 22. Nc3 Bc6 23. Rd1 Qf5 24. Rf1 Qh5 25. Qg3 Rad8 26. Rf2 Rd4 27. h3 Rfd8 28. Re2 b5 29. Re3 Qf5 30. Ne2 Rxd2 31. Rxd2 Qb1+ 32. Kf2 Rxd2 33. Rc3 0-1

[Event "Karvina op"]
[Site "Karvina"]
[Date "2011.07.05"]
[Round "4"]
[White "Bausano, Michael"]
[Black "Heczko, Mieczyslaw"]
[Result "1/2-1/2"]
[WhiteElo "1655"]
[BlackElo "1913"]
[PlyCount "132"]
[EventDate "2011.07.02"]
[EventType "swiss"]
[EventRounds "9"]
[EventCountry "CZE"]
[SourceTitle "CBM 143 Extra"]
[Source "ChessBase"]
[SourceDate "2011.08.29"]
[SourceVersion "1"]
[SourceVersionDate "2011.08.29"]
[SourceQuality "1"]

1. e4 e5 2. Nf3 Nc6 3. Bc4 Bc5 4. c3 Nf6 5. d3 h6 6. 0-0 d6 7. h3 0-0 8. Bb3 a5 9. Be3 Ba7 10. Nbd2 b5 11. Bxa7 Rxa7 12. d4 exd4 13. cxd4 Ne7 14. d5 c5 15. dxc6 Nxc6 16. Rc1 Ne5 17. Bc2 Be6 18. Bb1 Qb6 19. Qe2 a4 20. Rfd1 Ng6 21. Nf1 Re8 22. Qe3 Rb7 23. Nd4 Bc4 24. Nf5 d5 25. Qxb6 Rxb6 26. exd5 Bxd5 27. N1e3 Be6 28. Rd6 Reb8 29. Rcc6 Rxc6 30. Rxc6 Ne5 31. Rc7 Nc4 32. Ne7+ Kf8 33. Nc6 Rc8 34. Rxc8+ Bxc8 35. Nxc4 bxc4 36. Ne5 Ba6 37. Bc2 Bb5 38. Nf3 Ke7 39. Nd4 Bd7 40. Nf5+ Bxf5 41. Bxf5 Nd5 42. Bc2 Nb6 43. Kf1 Kd6 44. Ke2 Kc5 45. Ke3 Nd5+ 46. Ke4 c3 47. bxc3 Nxc3+ 48. Kd3 Nxa2 49. Bxa4 Nb4+ 50. Ke4 Kd6 51. Bb3 Ke7 52. f4 Na6 53. Ba2 Nc5+ 54. Kd4 Nb7 55. g4 f6 56. h4 Nd6 57. Bb1 Nb5+ 58. Ke3 Nc3 59. Be4 Kd6 60. Bc2 Nd5+ 61. Kf3 Kc5 62. g5 Kd4 63. gxh6 gxh6 64. Bh7 Ne3 65. f5 Kd3 66. Bg6 Kd4 1/2-1/2

[Event "Orlova op 8th"]
[Site "Orlova"]
[Date "2011.05.26"]
[Round "6"]
[White "Trombik, Karel"]
[Black "Bausano, Michael"]
[Result "1-0"]
[WhiteElo "2053"]
[BlackElo "1651"]
[PlyCount "49"]
[EventDate "2011.05.21"]
[EventType "swiss"]
[EventRounds "9"]
[EventCountry "CZE"]
[SourceTitle "CBM 142 Extra"]
[Source "ChessBase"]
[SourceDate "2011.06.27"]
[SourceVersion "1"]
[SourceVersionDate "2011.06.27"]
[SourceQuality "1"]

1. c4 e5 2. Nc3 Nf6 3. Nf3 Nc6 4. d3 d5 5. cxd5 Nxd5 6. g3 Be6 7. Bg2 f6 8. 0-0 Bb4 9. Bd2 0-0 10. a3 Be7 11. Qc2 Qd7 12. Rfd1 Rfd8 13. Ne4 Nb6 14. b4 a6 15. Rac1 Rac8 16. Qb1 Bd6 17. Nc5 Bxc5 18. bxc5 Nd5 19. e4 Nde7 20. Be3 Rb8 21. d4 exd4 22. Nxd4 Qe8 23. Ne2 Rxd1+ 24. Rxd1 Ng6 25. Nd4 1-0

[Event "CZE-chT U20 final-B 1011"]
[Site "Czech Republic"]
[Date "2011.04.17"]
[Round "11.3"]
[White "Bausano, Michael"]
[Black "Hollan, Martin"]
[Result "1/2-1/2"]
[WhiteElo "1728"]
[BlackElo "1543"]
[PlyCount "43"]
[EventDate "2010.10.02"]
[EventType "team-tourn"]
[EventRounds "11"]
[EventCountry "CZE"]
[SourceTitle "EXT 2012"]
[Source "ChessBase"]
[SourceDate "2011.11.24"]
[SourceVersion "1"]
[SourceVersionDate "2011.11.24"]
[SourceQuality "1"]
[WhiteTeam "Orlova (U20)"]
[BlackTeam "Praha Oaza (U20)"]
[WhiteTeamCountry "CZE"]
[BlackTeamCountry "CZE"]

1. e4 e5 2. Nf3 Nc6 3. Bc4 Bc5 4. c3 Nf6 5. d4 exd4 6. cxd4 Bb4+ 7. Nc3 Nxe4 8. 0-0 Bxc3 9. bxc3 d5 10. Re1 0-0 11. Bd3 Bf5 12. Qc2 Re8 13. Bf4 Bg6 14. Nd2 Nxd2 15. Rxe8+ Qxe8 16. Qxd2 Bxd3 17. Qxd3 Qd7 18. Qg3 Rc8 19. Re1 Ne7 20. Qe3 Nf5 21. Qd2 f6 22. g4 1/2-1/2

[Event "CZE-chT U20 final-B 1011"]
[Site "Czech Republic"]
[Date "2011.04.15"]
[Round "8.3"]
[White "Kaluzny, Matyas"]
[Black "Bausano, Michael"]
[Result "1-0"]
[WhiteElo "1776"]
[BlackElo "1728"]
[PlyCount "77"]
[EventDate "2010.10.02"]
[EventType "team-tourn"]
[EventRounds "11"]
[EventCountry "CZE"]
[SourceTitle "EXT 2012"]
[Source "ChessBase"]
[SourceDate "2011.11.24"]
[SourceVersion "1"]
[SourceVersionDate "2011.11.24"]
[SourceQuality "1"]
[WhiteTeam "Udlice (U20)"]
[BlackTeam "Orlova (U20)"]
[WhiteTeamCountry "CZE"]
[BlackTeamCountry "CZE"]

1. e4 e5 2. Nf3 Nc6 3. d4 exd4 4. c3 dxc3 5. Bc4 d6 6. Nxc3 Be7 7. Qb3 Na5 8. Bxf7+ Kf8 9. Qa4 Kxf7 10. Qxa5 Nf6 11. e5 dxe5 12. Nxe5+ Kf8 13. 0-0 Bd6 14. Re1 Bd7 15. Bg5 b6 16. Bxf6 bxa5 17. Bxd8 Rxd8 18. Rad1 Bxe5 19. Rxe5 Kf7 20. Rxa5 Be6 21. Rxd8 Rxd8 22. Rxa7 Rd7 23. h3 Ke7 24. a4 c5 25. Rxd7+ Kxd7 26. f4 Kc6 27. Kf2 c4 28. Ke3 Kc5 29. g4 Kb4 30. Kd4 Kb3 31. a5 Bc8 32. Kc5 Ba6 33. Nb5 Kxb2 34. Kxc4 Kc2 35. Kc5 Bb7 36. Kb6 Bg2 37. a6 Bxh3 38. a7 Bg2 39. Nd4+ 1-0

[Event "CZE-chTE U20 1011"]
[Site "Czech Republic"]
[Date "2010.10.03"]
[Round "3.3"]
[White "Marikova, Jana"]
[Black "Bausano, Michael"]
[Result "1-0"]
[WhiteElo "1906"]
[BlackElo "1728"]
[PlyCount "65"]
[EventDate "2010.10.02"]
[EventType "team-tourn"]
[EventRounds "11"]
[EventCountry "CZE"]
[SourceTitle "EXT 2012"]
[Source "ChessBase"]
[SourceDate "2011.11.24"]
[SourceVersion "1"]
[SourceVersionDate "2011.11.24"]
[SourceQuality "1"]
[WhiteTeam "Namest nad Oslavou (U20)"]
[BlackTeam "Orlova (U20)"]
[WhiteTeamCountry "CZE"]
[BlackTeamCountry "CZE"]

1. d4 Nf6 2. c4 c5 3. d5 d6 4. Nc3 g6 5. e4 Bg7 6. Bd3 Nbd7 7. f4 0-0 8. Nf3 Nb6 9. 0-0 e6 10. Be3 exd5 11. cxd5 Re8 12. h3 Nfxd5 13. Bd2 Nb4 14. Bb5 Bd7 15. Bxd7 Qxd7 16. a3 Nc6 17. Qc2 Nd4 18. Nxd4 Bxd4+ 19. Kh1 Nc4 20. Rad1 b5 21. Bc1 Nb6 22. f5 Kg7 23. Qd2 gxf5 24. Qh6+ Kh8 25. exf5 Rg8 26. Ne4 Qc6 27. Ng5 Rxg5 28. Bxg5 Nd5 29. Rf3 f6 30. Rxd4 Rg8 31. Bxf6+ Nxf6 32. Qxf6+ Rg7 33. Rg4 1-0

[Event "Orlova op 7th"]
[Site "Orlova"]
[Date "2010.05.26"]
[Round "6"]
[White "Bausano, Michael"]
[Black "Hruby, Tomas"]
[Result "1/2-1/2"]
[WhiteElo "1000"]
[BlackElo "1401"]
[PlyCount "55"]
[EventDate "2010.05.22"]
[EventType "swiss"]
[EventRounds "7"]
[EventCountry "CZE"]
[SourceTitle "EXT 2012"]
[Source "ChessBase"]
[SourceDate "2011.11.24"]
[SourceVersion "1"]
[SourceVersionDate "2011.11.24"]
[SourceQuality "1"]

1. e4 e5 2. Nf3 Nc6 3. Bc4 Bc5 4. 0-0 Nf6 5. Nc3 0-0 6. d3 h6 7. Be3 Bb6 8. h3 d6 9. Nd5 Nxd5 10. Bxd5 Nd4 11. c3 Nxf3+ 12. Qxf3 c6 13. Bb3 Be6 14. Qg3 Qf6 15. Bd2 Bxb3 16. axb3 Qg6 17. Qh2 f5 18. Ra4 fxe4 19. dxe4 Rf7 20. Kh1 Bxf2 21. Be1 Bg3 22. Qg1 Rxf1 23. Qxf1 Bxe1 24. Qxe1 b5 25. Ra6 c5 26. Qd1 Qxe4 27. Qxd6 Rf8 28. Qd2 1/2-1/2